[Event "Nouadhibou Independence op"]
[Site "Nouadhibou"]
[Date "2014.11.28"]
[Round "3"]
[White "Cheiguer, Mohamed Abdellahi"]
[Black "Mohamed, Lemine Ahmedou Bamb"]
[Result "1-0"]
[WhiteElo "1771"]
[BlackElo "1593"]
[PlyCount "97"]
[EventDate "2014.11.27"]
[EventType "swiss"]
[EventRounds "9"]
[EventCountry "MAU"]
[SourceTitle "CBM 163 Extra"]
[Source "ChessBase"]
[SourceDate "2014.12.23"]
[SourceVersion "1"]
[SourceVersionDate "2014.12.23"]
[SourceQuality "1"]

1. e4 c5 2. Nf3 Nc6 3. d4 d6 4. dxc5 dxc5 5. Qxd8+ Nxd8 6. Bb5+ Nc6 7. Ne5 Bd7 8. Nxc6 Bxc6 9. Bxc6+ bxc6 10. b3 e5 11. c4 Nf6 12. f3 g6 13. Nc3 Rd8 14. Be3 Rd3 15. Bg5 Bg7 16. Na4 Nd7 17. Ke2 Rd6 18. Be3 h5 19. Nxc5 Nxc5 20. Bxc5 Rd7 21. Rad1 Rb7 22. Rd3 Bf8 23. Rhd1 Be7 24. Bf2 f6 25. Be1 Rh7 26. Ba5 Bc5 27. Rd8+ Ke7 28. Rc8 Bd4 29. Rxc6 Rf7 30. Rc7+ Rxc7 31. Bxc7 Kd7 32. Ba5 Kc6 33. Kd3 g5 34. Bc3 Rd7 35. Kc2 Bb6 36. Rxd7 Kxd7 37. Bb4 Ke6 38. c5 Bc7 39. Kd3 Kd7 40. Kc4 Kc6 41. Bd2 a6 42. b4 Bd8 43. a4 Kb7 44. b5 axb5+ 45. axb5 Be7 46. Kd5 Kc7 47. Bb4 Kb8 48. Ke6 Bd8 49. Kd7 1-0

[Event "MAU-ch"]
[Site "Nouadhibou"]
[Date "2014.01.01"]
[Round "8"]
[White "Mohamed, Lemine Ahmedou Bamb"]
[Black "Mohamed, Salem Ahmed"]
[Result "1-0"]
[WhiteElo "1557"]
[BlackElo "1752"]
[PlyCount "53"]
[EventDate "2013.12.28"]
[EventType "swiss"]
[EventRounds "11"]
[EventCountry "MAU"]
[SourceTitle "CBM 158 Extra"]
[Source "ChessBase"]
[SourceDate "2014.02.28"]
[SourceVersion "1"]
[SourceVersionDate "2014.02.28"]
[SourceQuality "1"]

1. e4 e5 2. f4 d5 3. exd5 Qxd5 4. Nc3 Qa5 5. Nf3 Bg4 6. Bc4 Bc5 7. h3 Be6 8. Bxe6 fxe6 9. Nxe5 Nf6 10. Qe2 Qa6 11. Nb5 Qb6 12. Nc4 Qxb5 13. Nd6+ Bxd6 14. Qxb5+ Nbd7 15. b3 0-0 16. Qxb7 e5 17. Bb2 Rab8 18. Qa6 Rb6 19. Qe2 Nd5 20. 0-0-0 N7f6 21. d4 exf4 22. c4 Re8 23. Qf3 Re3 24. Qf1 Ra6 25. Kb1 Nb4 26. c5 Be7 27. a3 1-0

[Event "MAU-ch"]
[Site "Nouadhibou"]
[Date "2013.12.31"]
[Round "6"]
[White "Mohamed, Lemine Ahmedou Bamb"]
[Black "Boydia, Sidi"]
[Result "0-1"]
[WhiteElo "1557"]
[BlackElo "2063"]
[PlyCount "62"]
[EventDate "2013.12.28"]
[EventType "swiss"]
[EventRounds "11"]
[EventCountry "MAU"]
[SourceTitle "CBM 158 Extra"]
[Source "ChessBase"]
[SourceDate "2014.02.28"]
[SourceVersion "1"]
[SourceVersionDate "2014.02.28"]
[SourceQuality "1"]

1. e4 e5 2. f4 Bc5 3. Nf3 d6 4. c3 Nf6 5. d4 exd4 6. cxd4 Bb4+ 7. Bd2 Bxd2+ 8. Nbxd2 0-0 9. f5 Nxe4 10. Nxe4 Re8 11. Bd3 d5 12. Be2 dxe4 13. Ne5 Nd7 14. 0-0 Qe7 15. f6 Nxf6 16. Qb3 c6 17. Qg3 Be6 18. b3 Rad8 19. Rad1 Qb4 20. Rxf6 c5 21. Bc4 Bxc4 22. bxc4 Rxe5 23. Rxf7 Kxf7 24. Rf1+ Kg8 25. Qxe5 Qxc4 26. Qxe4 Qxd4+ 27. Qxd4 Rxd4 28. Rf2 Rd1+ 29. Rf1 Rxf1+ 30. Kxf1 Kf7 31. Ke2 Ke6 0-1

[Event "MAU-ch"]
[Site "Nouadhibou"]
[Date "2013.12.30"]
[Round "4"]
[White "Mohamed, Lemine Ahmedou Bamb"]
[Black "Tajedine, Sidi Mohamed"]
[Result "0-1"]
[WhiteElo "1557"]
[BlackElo "1788"]
[PlyCount "66"]
[EventDate "2013.12.28"]
[EventType "swiss"]
[EventRounds "11"]
[EventCountry "MAU"]
[SourceTitle "CBM 158 Extra"]
[Source "ChessBase"]
[SourceDate "2014.02.28"]
[SourceVersion "1"]
[SourceVersionDate "2014.02.28"]
[SourceQuality "1"]

1. e4 c5 2. Nf3 d6 3. Nc3 Nf6 4. h3 a6 5. d4 cxd4 6. Nxd4 g6 7. Bd3 Bg7 8. Be3 b5 9. Qd2 h5 10. Nd5 Bb7 11. c4 bxc4 12. Nxf6+ Bxf6 13. Bc2 d5 14. Ba4+ Kf8 15. exd5 Bxd5 16. 0-0-0 e6 17. Rhg1 Qc7 18. Qc3 Kg7 19. g4 hxg4 20. hxg4 Rh3 21. g5 Be5 22. f4 Rxe3 23. Qb4 Bxf4 24. Kb1 a5 25. Qb5 Na6 26. Nc2 Rd3 27. Rxd3 cxd3 28. Qxd3 Nc5 29. Qd4+ Be5 30. Qh4 Rh8 31. Qg4 Nxa4 32. Qxa4 Qb6 33. Re1 Qxb2# 0-1